000 00875nam a22002175i 4500
001 153083
003 ES-MaACL
005 20230906205021.0
008 980923s1867 fr a |||| | fre d
040 _aCCPB | B
_bspa
_cCCPB | B
100 1 _aChampfleury.
_9126445
245 1 0 _aHistoire de la Caricature antique /
_cpar Champfleury.
250 _a3e éd., tres-augm.
260 _aParis :
_bE. Dentu,
_c[s.a.] (
_fImprimerie Émile Martinet)
300 _a[1] h. de lám., XXII, 347 p. ;
_c18 cm.
596 1 _aAdvertencia firmada por Champfleury y fechada en Junio de 1867.
650 4 _aCaricatura-
_xHistoria.
_9221990
752 _aFrancia -
_dParís
852 _aES-MaACL
_jG-10908
_z-- Enc. hol.
_z-- Legado de M. de la Fuente
_x-- Edic.: El autor es "Champfleury, Jules-François-Félix Husson" según el Catalogue Collectif de France
999 _c153083
_d153083